[Event "Lisbon Portugal op"]
[Site "Lisbon"]
[Date "2020.01.26"]
[Round "3"]
[White "Rego, Pedro Filipe"]
[Black "Hendrix, Joachim"]
[Result "0-1"]
[WhiteElo "2208"]
[BlackElo "1868"]
[PlyCount "78"]
[EventDate "2020.01.25"]
[EventType "swiss"]
[EventRounds "9"]
[EventCountry "POR"]
[SourceTitle "CBM 194"]
[Source "ChessBase"]
[SourceDate "2020.01.27"]
[SourceVersion "1"]
[SourceVersionDate "2020.01.27"]
[SourceQuality "1"]

1. Nf3 g6 2. d4 Bg7 3. e4 d6 4. c3 Nf6 5. Bd3 0-0 6. 0-0 Nc6 7. Qe2 e5 8. h3 h6 9. dxe5 Nxe5 10. Nxe5 dxe5 11. Bc4 Nh5 12. Be3 Nf4 13. Qf3 Ne6 14. Nd2 a5 15. Nb3 Qe7 16. a4 Kh7 17. Qe2 b6 18. Rfd1 Ng5 19. Bd5 Ba6 20. Qg4 Rae8 21. h4 Bc8 22. Qg3 Ne6 23. h5 gxh5 24. Bc6 Nf4 25. Bxf4 exf4 26. Qxf4 Be5 27. Qe3 Qh4 28. Bxe8 Qh2+ 29. Kf1 Bf4 30. Qd4 Rxe8 31. Rd3 Qh1+ 32. Ke2 Qxg2 33. Re3 Bg4+ 34. Kd3 Qxf2 35. Rae1 Bg5 36. Qc4 Bxe3 37. Qxc7 Rd8+ 38. Qxd8 Qxe1 39. Qe7 Qe2# 0-1

[Event "Lisbon Portugal op"]
[Site "Lisbon"]
[Date "2020.01.25"]
[Round "1"]
[White "Gharamian, Tigran"]
[Black "Hendrix, Joachim"]
[Result "1-0"]
[WhiteElo "2603"]
[BlackElo "1868"]
[PlyCount "59"]
[EventDate "2020.01.25"]
[EventType "swiss"]
[EventRounds "9"]
[EventCountry "POR"]
[SourceTitle "CBM 194"]
[Source "ChessBase"]
[SourceDate "2020.01.27"]
[SourceVersion "1"]
[SourceVersionDate "2020.01.27"]
[SourceQuality "1"]

1. e4 g6 2. d4 Bg7 3. Nf3 d6 4. Bc4 Nc6 5. 0-0 Nf6 6. Qe2 Bg4 7. Rd1 e5 8. c3 0-0 9. h3 Bxf3 10. Qxf3 Nd7 11. Be3 Kh8 12. Qg3 Nf6 13. Qh4 exd4 14. Bg5 Ne5 15. Be2 c5 16. cxd4 cxd4 17. Rxd4 Qb6 18. Rd2 Ned7 19. Nc3 Kg8 20. Qg3 h6 21. Be3 Qb4 22. Qxd6 Qxd6 23. Rxd6 Rfe8 24. Rad1 Nb6 25. f3 Nh5 26. g4 Ng3 27. Bb5 Rec8 28. Bf4 Bf8 29. R6d2 a6 30. Bd3 1-0

[Event "Mittelrhein Regionalliga 1920"]
[Site "Mittelrhein"]
[Date "2019.10.27"]
[Round "2.2"]
[White "Hendrix, Joachim"]
[Black "Hannaske, Arno"]
[Result "0-1"]
[WhiteElo "1925"]
[BlackElo "2044"]
[PlyCount "81"]
[EventDate "2019.09.29"]
[EventType "team-tourn"]
[EventRounds "9"]
[EventCountry "GER"]
[SourceTitle "EXT 2023"]
[Source "ChessBase"]
[SourceDate "2022.10.05"]
[SourceVersion "1"]
[SourceVersionDate "2022.10.05"]
[SourceQuality "1"]
[WhiteTeam "Koeln SF II"]
[BlackTeam "Horrem"]
[WhiteTeamCountry "GER"]
[BlackTeamCountry "GER"]

1. g3 c5 2. e4 Nc6 3. Bg2 g6 4. Nf3 Bg7 5. 0-0 d6 6. d3 Nf6 7. Nc3 0-0 8. Rb1 Rb8 9. a3 a5 10. a4 Bd7 11. h3 Nd4 12. Nh4 Bc6 13. Ra1 Nd7 14. Nd5 e6 15. c3 exd5 16. exd5 Bxa4 17. Rxa4 b5 18. Ra1 g5 19. Nf3 Nxf3+ 20. Qxf3 Ne5 21. Qf5 Qf6 22. Qxf6 Bxf6 23. Be4 Ra8 24. Bxg5 Bxg5 25. f4 f5 26. Bg2 Bxf4 27. gxf4 Nxd3 28. Rf3 Nxb2 29. Rb1 Nc4 30. Rxb5 Rfb8 31. Rxb8+ Rxb8 32. Rf1 Nd2 33. Rf2 Rb1+ 34. Kh2 Rb2 35. Re2 Kf7 36. Re6 Ne4 37. Kg1 a4 38. Bxe4 fxe4 39. Rxd6 a3 40. Ra6 a2 41. Ra7+ 0-1

[Event "Mittelrhein Regionalliga 1920"]
[Site "Mittelrhein"]
[Date "2019.09.29"]
[Round "1.4"]
[White "Hess, Christian1111"]
[Black "Hendrix, Joachim"]
[Result "0-1"]
[WhiteElo "1953"]
[BlackElo "1948"]
[PlyCount "62"]
[EventDate "2019.09.29"]
[EventType "team-tourn"]
[EventRounds "9"]
[EventCountry "GER"]
[SourceTitle "EXT 2023"]
[Source "ChessBase"]
[SourceDate "2022.10.05"]
[SourceVersion "1"]
[SourceVersionDate "2022.10.05"]
[SourceQuality "1"]
[WhiteTeam "Langenfeld II"]
[BlackTeam "Koeln SF II"]
[WhiteTeamCountry "GER"]
[BlackTeamCountry "GER"]

1. e4 g6 2. d4 Bg7 3. f4 c5 4. d5 d6 5. c4 e6 6. Nf3 Ne7 7. Nc3 0-0 8. Be3 exd5 9. cxd5 Re8 10. Qd2 Nd7 11. Bc4 a6 12. a4 b5 13. axb5 Nb6 14. b3 axb5 15. Rxa8 bxc4 16. Ra3 Bxc3 17. Qxc3 Nbxd5 18. Qc1 Nxe3 19. bxc4 Ng4 20. 0-0 Nc6 21. Re1 Nd4 22. h3 Nf6 23. e5 Nxf3+ 24. Rxf3 dxe5 25. fxe5 Qd4+ 26. Kh1 Ne4 27. Qf4 f5 28. exf6 Nf2+ 29. Rxf2 Rxe1+ 30. Kh2 Qxf4+ 31. Rxf4 Kf7 0-1

[Event "Monastir op"]
[Site "Monastir"]
[Date "2018.09.03"]
[Round "2"]
[White "Hendrix, Joachim"]
[Black "Nagy, Gabor"]
[Result "0-1"]
[WhiteElo "1913"]
[BlackElo "2459"]
[PlyCount "40"]
[EventDate "2018.09.02"]
[EventType "swiss"]
[EventRounds "9"]
[EventCountry "TUN"]
[SourceTitle "EXT 2019"]
[Source "ChessBase"]
[SourceDate "2018.10.10"]
[SourceVersion "1"]
[SourceVersionDate "2018.10.10"]
[SourceQuality "1"]

1. g3 c5 2. Bg2 Nc6 3. d3 g6 4. Nf3 Bg7 5. Nc3 d6 6. e4 Nf6 7. 0-0 0-0 8. h3 Rb8 9. a4 a6 10. Nh4 Nd7 11. f4 b5 12. axb5 axb5 13. Nd5 e6 14. Ne3 Bb7 15. f5 exf5 16. exf5 Nce5 17. Nd5 Re8 18. Ra7 Nc6 19. Rxb7 Rxb7 20. f6 Bf8 0-1

[Event "Bayern-chI Bank Hofmann 20th"]
[Site "Bad Wiessee"]
[Date "2016.10.29"]
[Round "1"]
[White "Hendrix, Joachim"]
[Black "Stern, Rene"]
[Result "0-1"]
[WhiteElo "1944"]
[BlackElo "2521"]
[PlyCount "62"]
[EventDate "2016.10.29"]
[EventType "swiss"]
[EventRounds "9"]
[EventCountry "GER"]
[SourceTitle "CBM 175 Extra"]
[Source "ChessBase"]
[SourceDate "2016.12.12"]
[SourceVersion "1"]
[SourceVersionDate "2016.12.12"]
[SourceQuality "1"]

1. g3 d5 2. Bg2 e5 3. d3 Nf6 4. Nf3 Nc6 5. a3 a5 6. Nc3 Be7 7. Bg5 Be6 8. a4 0-0 9. 0-0 h6 10. Bxf6 Bxf6 11. Nd2 Nb4 12. e4 c6 13. f4 exf4 14. gxf4 dxe4 15. Bxe4 Bd4+ 16. Kh1 f5 17. Bg2 Qf6 18. Ra3 Rae8 19. Nf3 Nd5 20. Nxd5 Bxd5 21. c3 Be3 22. c4 Bxf3 23. Rxf3 Qd4 24. Rf1 Bxf4 25. Rb3 Re7 26. Qh5 Ref7 27. Qe2 Bd6 28. Qh5 Kh7 29. Qe2 Bb4 30. Rg1 g6 31. Qe6 Re7 0-1